000 00756nam a2200289Ia 4500
005 20260324132653.0
008 008 260324s9999 xx 000 0 eng d
020 _a9780203051009
037 _aEBOOK
040 _aCRL
040 _beng
040 _cCRL
041 _2eng
041 _aeng
084 _qCRL
100 _aNancy Wentworth; Rodney Earle; Michael Connell
_91190171
245 0 _aIntegrating Information Technology into the Teacher Education Curriculum
245 0 _bProcess and Products of Change
260 _bTaylor and Francis
260 _c2004
365 _a
365 _b53.99
856 _uhttp://www.taylorfrancis.com/books/9780203051009
942 _cEBOOK
999 _c1788479
_d1788479